Countries of Europe in 1700 - Statistics

General Stats
  • This quiz has been taken 7,824 times
  • The average score is 25 of 35
Answers on the Map
Answers color-coded by a green-red scale on the quiz's map according to % correct below.
 
Answer Stats
Country % Correct
Denmark-Norway
98%
France
98%
Russia
98%
Spain
98%
Sweden
97%
England
96%
Ottoman Empire
96%
Portugal
96%
Habsburg Monarchy
95%
Poland-Lithuania
95%
Scotland
95%
Dutch Republic
94%
Brandenburg-Prussia
90%
Andorra
87%
Swiss Confederation
87%
Monaco
83%
San Marino
81%
Bavaria
80%
Venice
76%
Papal States
75%
Knights Hospitaller
71%
Montenegro
67%
Holy Roman Empire
66%
Genoa
62%
Saxony
62%
Tuscany
59%
Hanover
47%
Savoy
42%
Württemberg
37%
Mecklenburg
36%
Parma
31%
Modena
29%
Lucca
28%
Ragusa
17%
Mantua
15%
No matching quizzes found
Score Distribution
Percent of People with Each Score
Percentile by Number Answered
Your Score History
You have not taken this quiz